| 000 | 00625nam a2200205Ia 4500 | ||
|---|---|---|---|
| 005 | 20230329092541.0 | ||
| 008 | 131103s9999 xx 000 0 und d | ||
| 020 |
_a81 7201 251 9 _cRs.75.00 |
||
| 040 | _aLoreto College | ||
| 041 | _aEnglish | ||
| 082 |
_a891.443 _bSIK |
||
| 245 |
_aBangla galpa samkalan _cComplied & Edited by Asrukumar Sikdar & Kabita Sinha |
||
| 260 |
_aCalcutta _bSahitya Akademi _c1992 |
||
| 300 | _a207p. | ||
| 504 | _aIncludes mbibliographical references | ||
| 650 | _aBengali literature - Short stories - collection | ||
| 700 | _aSikdar, Asrukumar ; com. | ||
| 850 | _aLCLIB | ||
| 942 | _cBK | ||
| 999 |
_c22971 _d73450 |
||